| 000 | 00375nam a2200157Ia 4500 | ||
|---|---|---|---|
| 003 | OSt | ||
| 005 | 20240311112730.0 | ||
| 008 | 170523s9999 xx 000 0 und d | ||
| 020 | _a978-0071220125 | ||
| 040 | _ciimtu meerut | ||
| 100 | _aWILLIAM- OTHERS | ||
| 245 | 0 | _aFINANCIAL AND MANAGERIAL ACCOUNTING | |
| 260 | _bTATA MC GRAW HILL | ||
| 260 | _c2004 | ||
| 942 |
_2ddc _c02 |
||
| 999 |
_c1333 _d1333 |
||